Valparaíso. Guía de Arquitectura
I tiakina i:
| Ngā kaituhi rangatōpū: | , , , , |
|---|---|
| Hōputu: | Pukapuka |
| Reo: | Pāniora Ingarihi |
| I whakaputaina: |
Sevilla, España
Junta de Andalucía
2005
Valparaíso Escandón Impresores 2005 Sevilla Consejería de Obras Públicas y Transportes 2005 Valparaíso Dirección General de Arquitectura y Vivienda 2005 |
| Ngā marau: | |
| Ngā Tūtohu: |
Tāpirihia he Tūtohu
Kāore He Tūtohu, Me noho koe te mea tuatahi ki te tūtohu i tēnei pūkete!
|
MARC
| LEADER | 00000cam a2200000 a 4500 | ||
|---|---|---|---|
| 001 | UCJ8866 | ||
| 003 | CL-VaPUC | ||
| 005 | 20250221124001.0 | ||
| 008 | 070124e20050000sp |||||||||||||||||spa|d | ||
| 999 | |c 324515 |d 324513 | ||
| 020 | |a 8480954256 obra completa | ||
| 020 | |a 8480954086 t. 12 | ||
| 040 | |c Pontificia Universidad Católica de Valparaíso | ||
| 041 | 0 | 7 | |a spa |2 CL-VaPUC |
| 041 | 0 | 7 | |a eng |2 CL-VaPUC |
| 082 | 0 | 4 | |a 911 MIN 2005 |2 21 |
| 110 | 2 | |a Ministerio de Vivienda y Urbanismo |e author |9 518417 | |
| 245 | 1 | 0 | |a Valparaíso. Guía de Arquitectura |
| 246 | 1 | 3 | |a An arquitectural guide |
| 246 | 1 | 0 | |a Valparaíso, una ciudad, su historia y su gente |
| 246 | 1 | 0 | |a Valparaíso, a city, its history and people |
| 246 | 1 | 0 | |a Valparaíso, un itinerario de descubrimientos |
| 246 | 1 | 0 | |a Valparaíso, a revealing itinerary |
| 260 | |a Sevilla, España |b Junta de Andalucía |c 2005 | ||
| 260 | |a Valparaíso |b Escandón Impresores |c 2005 | ||
| 260 | |a Sevilla |b Consejería de Obras Públicas y Transportes |c 2005 | ||
| 260 | |a Valparaíso |b Dirección General de Arquitectura y Vivienda |c 2005 | ||
| 300 | |a 2 volúmenes | ||
| 500 | |a Obra de dos tomos con abundante fotografía e ilustraciones | ||
| 500 | |a El tomo 2 está estructurado temáticamente, en torno a rutas turísticas | ||
| 500 | |a Incluye un Mapa de la ciudad que al reverso contiene una fotografía satelital de la ciudad | ||
| 583 | |a last modification |c 20130910 06:41:09 |k Rodrigo Vera | ||
| 600 | 0 | 7 | |a TSCHORNE BERESTESKY, SONIA |2 CL-VaPUC |9 518422 |
| 600 | 0 | |a Neruda, Pablo, |d 1904-1973 |e autor |9 471955 | |
| 650 | 0 | |a Historia local |z VALPARAISO |9 266584 | |
| 650 | 0 | |a Historia de Valparaíso |9 460237 | |
| 650 | 7 | |a PATRIMONIO DE LA HUMANIDAD |2 CL-VaPUC |9 518423 |z VALPARAISO | |
| 650 | 0 | |a Obras públicas |z VALPARAISO |9 261125 | |
| 650 | 0 | |a Costumbres y tradiciones |z VALPARAISO |9 268292 | |
| 650 | 0 | |a Desarrollo cultural |z VALPARAISO |9 267526 | |
| 710 | 2 | |a MINVU |e author |9 518418 | |
| 710 | 2 | |a Junta de Andalucía |e author |9 518419 | |
| 710 | 2 | |a Embajada de España |e author |9 518420 | |
| 710 | 2 | |a AECI |e author |9 518421 | |
| 852 | |a BIBCUR | ||
| 942 | |c BK |2 ddc | ||
| 945 | |d 20070124 00:00:00 |a fvergara | ||
| 952 | |0 0 |1 0 |2 ddc |4 0 |6 911_000000000000000_MIN_2005 |7 0 |8 X |9 404761 |a FDOBUD |b FDOBUD |d 2019-11-22 |i 1085107 |o 911 MIN 2005 |p 1085107 |r 2019-11-22 |t 1 |w 2019-11-22 |y BK_X |k BUD | ||